00342nam a22001577a 4500003000400000005001700004008004100021020001700062040000700079082001300086100002100099245002100120250001200141260002300153300000800176OSt20220127141902.0220127b |||||||| |||| 00| 0 eng d a100137050518 cHU a621.3192 aRiedel Nilsson aElectric Circuit a9th ed aNew YorkbNew York f816